00571nam a2200205Ia 4500001000900000003000500009005001700014008004100031010001100072040000900083082002100092100002200113245008500135250001100220260004200231300001100273500002500284650002200309650003400331dia_2885CHAP20230331132824.0220117s1953 xx 000 0 und d a173382 cCHAP a664.028 P33 1953 aPaczka, Alejandro aConservación y aprovechamiento de productos alimenticios /c Alejandro Paczka a2a ed. aMéxico :b Bartolome Trucco,c1953 a547 p. aMaterial fotocopiado aFood preservation aPreservación de alimentos